000 00688nam a22001937a 4500
005 20130821110747.0
010 _aENG-107832
020 _a9789382163244
_c650.00
035 _aEN-91365
037 _bDBAD/PUB
082 _a658
245 _aManagement :
_cedited by P. Srinivasa Reddy... [et al]
_bissues and challenges for the decade /
260 _aHyderabad
_bParamount Publishing House
_c2012
270 _a3-5-1105, 2nd floor, PVR Estates, behind Hero Honda showroom, Narayanaguda
_bHyderabad
_e500029
300 _axix, 493p. :
_c24cm(pbk)
_bill.
500 _aIncludes bibliographical references
700 _dReddy, P. Srinivasa
942 _2ddc
_cEN
_mMAN
_h658
999 _c77242
_d77242